Países que acaban por la letra L - Estadísticas

Estadísticas generales
  • Esta prueba ha sido intentada 45 veces
  • La puntuación promedio es 5 de 9
Estadísticas de respuestas
País % Correcto
Brasil
83%
Nepal
61%
Islas Marshall
58%
Portugal
58%
Senegal
53%
Timor Oriental
53%
Israel
47%
Guinea Ecuatorial
42%
Costa de Marfil
31%
No se encontraron pruebas coincidentes
Distribución de puntuación
Porcentaje de gente con cada puntuación
Porcentaje por número respondido
Historial de tus puntuaciones
No has intentado esta prueba.